000 00787nam a2200253 i 4500
001 C2-0225148
003 PPAK
005 20180728153435.0
008 000524s1997 nyu |||| ||||| | eng d
020 _a0471283622
040 _aPPAK
_beng
_cPPAK
_erda
082 0 4 _a978.02092
_223
090 0 0 _a978.02092
_bTEF
_dG
100 1 _aTefertiller, Casey,
_eauthor
245 1 0 _aWyatt Earp :
_bthe life behind the legend
264 1 _aNew York :
_bJohn Wiley & Sons, Inc. ,
_c1997
300 _axii, 403 pages ;
_c23 cm
336 _2rdacontent
_atext
337 _2rdamedia
_aunmediated
338 _2rdacarrier
_avolume
500 _aIncludes bibliographical references and index
650 1 0 _aEarp, Wyatt, 1848-1929 ; Peace officers - Southwest, New - Biography
942 _ddc
_cB
999 _c145889
_d145889